000 00354nam a2200097Ia 4500
008 220120s9999||||xx |||||||||||||| ||und||
100 _aAiswarya, Anuja, Jyothis Maria and Navya thomas
_912649
245 0 _aCost effective authentic and anonymous data sharing with for
260 _aCoorg Institute of Technology
_bPonnampet
_c2017
650 _aCOMPUTER SCIENCE
999 _c138248
_d138248